| 000 | 01551cam a2200385 a 4500 | ||
|---|---|---|---|
| 999 |
_c28564 _d28535 |
||
| 001 | 202491 | ||
| 003 | EG-ScBUE | ||
| 005 | 20200817110544.0 | ||
| 008 | 990322t2001 maua f b 001 0 eng d | ||
| 020 | _a0312201060 (with handbook) | ||
| 020 | _a9780312201067 | ||
| 040 |
_aDLC _beng _erda _cDLC _dDLC _dEG-ScBUE |
||
| 082 | 0 | 4 |
_a808.042 _bAXE _222 |
| 100 | 1 |
_aAxelrod, Rise B., _eauthor. _928569 |
|
| 245 | 1 | 4 |
_aThe St. Martin's guide to writing / _cRise B. Axelrod, California State University, San Bernardino, Charles R. Cooper, University of California, San Diego. |
| 246 | 3 | _aSaint Martin's guide to writing | |
| 250 | _aSixth edition. | ||
| 264 | 1 |
_aBoston, MA : _bBedford/ST.Martin's, _c[2001] |
|
| 264 | 4 | _cc2001 | |
| 300 |
_a1 volume (various pagings) : _billustrations ; _c24 cm |
||
| 336 |
_2rdacontent _atext _btxt |
||
| 337 |
_2rdamedia _aunmediated _bn |
||
| 338 |
_2rdacarrier _avolume _bnc |
||
| 504 | _aIncludes bibliographical references and index. | ||
| 650 | 7 |
_aEnglish language _xRhetoric _vHandbooks, manuals, etc. _2BUEsh |
|
| 650 | 7 |
_aEnglish language _xGrammar _vHandbooks, manuals, etc. _2BUEsh |
|
| 650 | 7 |
_aReport writing _vHandbooks, manuals, etc. _2BUEsh |
|
| 653 |
_bHHUUEENN _cJuly2020 |
||
| 655 |
_vReading book _934232 |
||
| 700 | 1 |
_aCooper, Charles Raymond, _d1934- _eauthor. |
|
| 906 |
_a7 _bcbc _corignew _d3 _eopcn _f19 _gy-gencatlg |
||
| 942 |
_2ddc _cBB |
||